[Event "European Individual Chess Championship 2017"]
[Site "?"]
[Date "2017.06.09"]
[Round "10.74"]
[White "Predke, Alexandr"]
[Black "Mazur, Stefan"]
[Result "1-0"]
[BlackElo "2459"]
[WhiteElo "2566"]
[LiveChessVersion "1.4.8"]

1. d4 {[%clk 1:26:51]} Nf6 {[%clk 1:29:41]} 2. Nf3 {[%clk 1:27:08]} g6
{[%clk 1:30:00]} 3. g3 {[%clk 1:27:32]} Bg7 {[%clk 1:30:26]} 4. Bg2
{[%clk 1:27:58]} O-O {[%clk 1:30:50]} 5. O-O {[%clk 1:28:22]} d6 {[%clk 1:31:16]}
6. b3 {[%clk 1:28:35]} a5 {[%clk 1:24:23]} 7. c4 {[%clk 1:24:06]} a4
{[%clk 1:24:45]} 8. b4 {[%clk 1:23:21]} d5 {[%clk 1:17:50]} 9. cxd5
{[%clk 1:14:10]} Nxd5 {[%clk 1:17:47]} 10. a3 {[%clk 1:14:35]} Nc6
{[%clk 1:05:43]} 11. Bb2 {[%clk 1:14:15]} Nb6 {[%clk 1:06:02]} 12. e3
{[%clk 1:01:11]} Be6 {[%clk 0:58:04]} 13. Nbd2 {[%clk 0:58:19]} Na7
{[%clk 0:56:34]} 14. Rc1 {[%clk 0:54:49]} Nb5 {[%clk 0:53:37]} 15. Qe2
{[%clk 0:54:21]} c6 {[%clk 0:52:52]} 16. Ne4 {[%clk 0:52:57]} Nd6
{[%clk 0:49:48]} 17. Nfd2 {[%clk 0:46:32]} Bd5 {[%clk 0:50:01]} 18. Rfd1
{[%clk 0:44:13]} Nbc8 {[%clk 0:37:25]} 19. Nxd6 {[%clk 0:41:41]} Nxd6
{[%clk 0:37:15]} 20. e4 {[%clk 0:41:51]} Be6 {[%clk 0:37:20]} 21. Nf3
{[%clk 0:32:50]} Bb3 {[%clk 0:35:37]} 22. Re1 {[%clk 0:30:05]} f5
{[%clk 0:35:46]} 23. Nd2 {[%clk 0:28:24]} Bf7 {[%clk 0:30:19]} 24. e5
{[%clk 0:28:08]} Nb5 {[%clk 0:29:32]} 25. e6 {[%clk 0:27:05]} Be8
{[%clk 0:29:53]} 26. Nf3 {[%clk 0:27:04]} Qb6 {[%clk 0:25:03]} 27. Rcd1
{[%clk 0:20:17]} Rd8 {[%clk 0:19:47]} 28. Qc2 {[%clk 0:20:15]} f4
{[%clk 0:14:07]} 29. g4 {[%clk 0:20:13]} Qa6 {[%clk 0:10:21]} 30. Bf1
{[%clk 0:15:37]} Rd5 {[%clk 0:08:55]} 31. Bc4 {[%clk 0:15:17]} Qa8
{[%clk 0:08:45]} 32. Bxd5 {[%clk 0:10:22]} cxd5 {[%clk 0:09:13]} 33. Rc1
{[%clk 0:10:20]} Bc6 {[%clk 0:04:18]} 34. Ne5 {[%clk 0:09:48]} Bxe5
{[%clk 0:03:30]} 35. Rxe5 {[%clk 0:10:15]} Nd6 {[%clk 0:03:39]} 36. f3
{[%clk 0:07:00]} Nc4 {[%clk 0:03:33]} 37. Ree1 {[%clk 0:07:28]} Bb5
{[%clk 0:01:07]} 38. Qf2 {[%clk 0:07:37]} Qa6 {[%clk 0:00:53]} 39. Rc2
{[%clk 0:06:13]} Rf6 {[%clk 0:00:42]} 40. Bc1 {[%clk 0:35:58]} Kg7
{[%clk 0:30:36]} 41. h4 {[%clk 0:22:51]} Qd6 {[%clk 0:30:22]} 42. Kg2
{[%clk 0:18:12]} Kf8 {[%clk 0:30:41]} 43. g5 {[%clk 0:13:37]} Rf5
{[%clk 0:30:52]} 44. Qg1 {[%clk 0:13:43]} Ke8 {[%clk 0:30:41]} 45. Kh1
{[%clk 0:11:54]} Kd8 {[%clk 0:30:07]} 46. Rg2 {[%clk 0:12:15]} Kc7
{[%clk 0:15:33]} 47. Rg4 {[%clk 0:12:18]} Kb6 {[%clk 0:15:49]} 48. Qh2
{[%clk 0:12:29]} Qb8 {[%clk 0:15:32]} 49. h5 {[%clk 0:06:46]} Qf8
{[%clk 0:11:29]} 50. hxg6 {[%clk 0:06:25]} hxg6 {[%clk 0:11:57]} 51. Qh6
{[%clk 0:04:02]} Qe8 {[%clk 0:08:53]} 52. Rh4 {[%clk 0:03:52]} Ne3
{[%clk 0:07:28]} 53. Qh8 {[%clk 0:03:38]} Rf8 {[%clk 0:07:07]} 54. Qe5
{[%clk 0:03:42]} Rf5 {[%clk 0:03:55]} 55. Qg7 {[%clk 0:04:08]} Rxg5
{[%clk 0:03:03]} 56. Rh8 {[%clk 0:04:09]} Rh5+ {[%clk 0:00:45]} 57. Rxh5
{[%clk 0:04:35]} gxh5 {[%clk 0:01:14]} 58. Qg5 {[%clk 0:02:41]} Qb8
{[%clk 0:00:33]} 59. Qxe7 {[%clk 0:02:27]} Qg8 {[%clk 0:00:35]} 60. Rg1
{[%clk 0:02:06]} Qc8 {[%clk 0:00:38]} 61. Qd6+ {[%clk 0:01:41]} Ka7
{[%clk 0:00:36]} 62. Bxe3 {[%clk 0:00:56]} fxe3 {[%clk 0:00:59]} 63. Qc5+
{[%clk 0:01:23]} Qxc5 {[%clk 0:00:50]} 64. bxc5 {[%clk 0:01:46]} Kb8
{[%clk 0:00:34]} 65. Rg8+ {[%clk 0:01:41]} Kc7 {[%clk 0:00:37]} 66. e7
{[%clk 0:02:05]} 1-0

[Event "European Individual Chess Championship 2017"]
[Site "?"]
[Date "2017.06.09"]
[Round "10.75"]
[White "Neverov, Valeriy"]
[Black "Donchenko, Alexander"]
[Result "1-0"]
[BlackElo "2563"]
[WhiteElo "2472"]
[LiveChessVersion "1.4.8"]

1. d4 {[%clk 1:29:39]} e6 {[%clk 1:30:45]} 2. c4 {[%clk 1:29:24]} c5
{[%clk 1:30:56]} 3. d5 {[%clk 1:29:13]} exd5 {[%clk 1:31:17]} 4. cxd5
{[%clk 1:29:33]} g6 {[%clk 1:31:40]} 5. Nc3 {[%clk 1:29:00]} Bg7 {[%clk 1:32:01]}
6. e4 {[%clk 1:25:49]} d6 {[%clk 1:32:19]} 7. Bd3 {[%clk 1:25:21]} a6
{[%clk 1:25:40]} 8. a4 {[%clk 1:24:13]} Nd7 {[%clk 1:25:13]} 9. Nf3
{[%clk 1:23:57]} Ne5 {[%clk 1:25:03]} 10. Nxe5 {[%clk 1:20:41]} Bxe5
{[%clk 1:25:19]} 11. a5 {[%clk 1:07:18]} Nf6 {[%clk 1:14:06]} 12. f4
{[%clk 1:05:07]} Bg4 13. Qa4+ {[%clk 0:47:23]} Bd7 {[%clk 1:07:03]} 14. Qa3
{[%clk 0:48:04]} Bd4 {[%clk 1:05:43]} 15. Ne2 {[%clk 0:45:07]} Qe7
{[%clk 0:51:58]} 16. Nxd4 cxd4 17. O-O {[%clk 0:44:35]} O-O {[%clk 0:48:50]} 18.
f5 {[%clk 0:18:04]} Ng4 {[%clk 0:45:52]} 19. f6 {[%clk 0:18:18]} Qe5
{[%clk 0:45:49]} 20. Bf4 {[%clk 0:18:27]} Qxf6 {[%clk 0:46:08]} 21. Qxd6
{[%clk 0:15:43]} Qxd6 {[%clk 0:45:31]} 22. Bxd6 {[%clk 0:16:09]} Rfe8
{[%clk 0:45:42]} 23. Rac1 {[%clk 0:08:58]} Rac8 {[%clk 0:44:47]} 24. Rc7
{[%clk 0:06:41]} Rxc7 {[%clk 0:39:42]} 25. Bxc7 {[%clk 0:07:04]} Ne5
{[%clk 0:24:21]} 26. Bxe5 {[%clk 0:05:40]} Rxe5 {[%clk 0:24:23]} 27. Rd1
{[%clk 0:02:31]} Kf8 {[%clk 0:22:53]} 28. Bc2 {[%clk 0:02:45]} Ke7
{[%clk 0:22:41]} 29. Rxd4 {[%clk 0:03:04]} Kd6 {[%clk 0:22:59]} 30. Kf2
{[%clk 0:01:46]} f5 {[%clk 0:20:37]} 31. Rb4 {[%clk 0:00:32]} fxe4
{[%clk 0:19:52]} 32. Bxe4 {[%clk 0:00:37]} Bb5 {[%clk 0:17:27]} 33. Bf3
{[%clk 0:00:41]} Re7 {[%clk 0:11:08]} 34. Rf4 {[%clk 0:00:44]} Rc7
{[%clk 0:10:36]} 35. Rf6+ {[%clk 0:00:43]} Kc5 {[%clk 0:10:51]} 36. Ke3
{[%clk 0:00:33]} Rd7 {[%clk 0:04:20]} 37. Kf4 {[%clk 0:00:32]} Bc4
{[%clk 0:04:06]} 38. d6 {[%clk 0:00:44]} Kd4 {[%clk 0:03:30]} 39. h4
{[%clk 0:00:38]} Rg7 {[%clk 0:02:17]} 40. g4 {[%clk 0:30:39]} Bb3
{[%clk 0:30:50]} 41. g5 {[%clk 0:25:15]} Ba4 {[%clk 0:26:50]} 42. Bg4
{[%clk 0:15:36]} Bd7 {[%clk 0:25:07]} 43. Be6 {[%clk 0:15:20]} Bxe6
{[%clk 0:24:29]} 44. Rxe6 {[%clk 0:15:39]} Rf7+ {[%clk 0:24:54]} 45. Kg4
{[%clk 0:14:28]} Rd7 {[%clk 0:25:18]} 46. Re7 {[%clk 0:13:38]} Rxd6
{[%clk 0:25:46]} 47. Rxh7 {[%clk 0:10:44]} b6 {[%clk 0:24:11]} 48. h5
{[%clk 0:09:23]} gxh5+ {[%clk 0:22:48]} 49. Kxh5 {[%clk 0:09:29]} bxa5
{[%clk 0:20:50]} 50. Rh6 {[%clk 0:09:29]} Rd5 {[%clk 0:18:40]} 51. Rxa6
{[%clk 0:09:07]} Kc4 {[%clk 0:16:31]} 52. Kh6 {[%clk 0:08:18]} Kb5
{[%clk 0:15:46]} 53. Ra8 {[%clk 0:08:25]} Ka4 {[%clk 0:14:43]} 54. g6
{[%clk 0:06:51]} Rb5 {[%clk 0:14:38]} 55. g7 {[%clk 0:06:41]} Rxb2
{[%clk 0:14:55]} 56. g8=Q {[%clk 0:07:01]} Rh2+ {[%clk 0:15:18]} 57. Kg5
{[%clk 0:07:23]} Rg2+ {[%clk 0:15:42]} 58. Kf4 {[%clk 0:07:36]} Rxg8
{[%clk 0:16:06]} 59. Rxg8 {[%clk 0:08:04]} Kb3 {[%clk 0:15:33]} 60. Ke3
{[%clk 0:07:07]} a4 {[%clk 0:15:48]} 61. Kd2 {[%clk 0:07:03]} a3 {[%clk 0:14:49]}
62. Kc1 {[%clk 0:07:16]} a2 {[%clk 0:15:13]} 63. Rg3+ {[%clk 0:06:33]} 1-0

[Event "European Individual Chess Championship 2017"]
[Site "?"]
[Date "2017.06.09"]
[Round "10.76"]
[White "Repka, Christopher"]
[Black "Boruchovsky, Avital"]
[Result "0-1"]
[BlackElo "2557"]
[WhiteElo "2452"]
[LiveChessVersion "1.4.8"]

1. d4 {[%clk 1:23:59]} Nf6 {[%clk 1:30:53]} 2. Nf3 {[%clk 1:24:08]} e6
{[%clk 1:31:10]} 3. c4 {[%clk 1:24:19]} d5 {[%clk 1:31:31]} 4. Nc3
{[%clk 1:24:42]} Bb4 {[%clk 1:31:52]} 5. Qa4+ {[%clk 1:25:06]} Nc6
{[%clk 1:32:17]} 6. e3 {[%clk 1:25:33]} O-O {[%clk 1:32:20]} 7. Qc2
{[%clk 1:26:00]} Ne7 {[%clk 1:32:04]} 8. a3 {[%clk 1:22:41]} Bxc3+
{[%clk 1:32:15]} 9. Qxc3 {[%clk 1:23:06]} a5 {[%clk 1:29:19]} 10. b3
{[%clk 1:21:36]} b6 {[%clk 1:25:19]} 11. Bd3 {[%clk 1:20:46]} a4 {[%clk 1:24:27]}
12. b4 {[%clk 1:20:39]} dxc4 {[%clk 1:22:28]} 13. Qxc4 {[%clk 1:20:41]} Bb7
{[%clk 1:14:37]} 14. Bb2 {[%clk 1:11:24]} Nf5 {[%clk 1:07:05]} 15. Rc1
{[%clk 1:08:24]} Rc8 {[%clk 1:05:49]} 16. Qc2 {[%clk 1:01:26]} Bxf3
{[%clk 0:48:57]} 17. gxf3 {[%clk 1:01:50]} Nh4 {[%clk 0:49:22]} 18. Qxa4
{[%clk 0:36:15]} c5 {[%clk 0:38:46]} 19. bxc5 {[%clk 0:36:08]} Qd5
{[%clk 0:31:40]} 20. Be2 {[%clk 0:30:35]} Nxf3+ {[%clk 0:27:56]} 21. Bxf3
{[%clk 0:30:43]} Qxf3 {[%clk 0:28:19]} 22. Rg1 {[%clk 0:25:17]} Ne4
{[%clk 0:27:17]} 23. Qc2 {[%clk 0:24:59]} bxc5 {[%clk 0:27:19]} 24. Qe2
{[%clk 0:24:14]} Qf5 {[%clk 0:27:25]} 25. f3 {[%clk 0:19:17]} Ng5
{[%clk 0:27:32]} 26. e4 {[%clk 0:18:40]} Nxf3+ {[%clk 0:26:39]} 27. Kf2
{[%clk 0:16:50]} Nxg1+ {[%clk 0:27:01]} 28. Kxg1 {[%clk 0:17:16]} Qg5+
{[%clk 0:27:19]} 29. Kh1 {[%clk 0:17:40]} cxd4 {[%clk 0:27:39]} 30. Rg1
{[%clk 0:18:06]} Qe5 {[%clk 0:28:00]} 0-1

[Event "European Individual Chess Championship 2017"]
[Site "?"]
[Date "2017.06.09"]
[Round "10.77"]
[White "Blomqvist, Erik"]
[Black "Pacher, Milan"]
[Result "1-0"]
[BlackElo "2450"]
[WhiteElo "2546"]
[LiveChessVersion "1.4.8"]

1. e4 {[%clk 1:30:54]} c5 {[%clk 1:26:59]} 2. Nf3 {[%clk 1:30:46]} Nc6
{[%clk 1:27:22]} 3. d4 {[%clk 1:31:10]} cxd4 {[%clk 1:27:48]} 4. Nxd4
{[%clk 1:31:33]} Nf6 {[%clk 1:28:12]} 5. Nc3 {[%clk 1:31:56]} e5 {[%clk 1:28:38]}
6. Ndb5 {[%clk 1:32:19]} d6 {[%clk 1:29:02]} 7. Bg5 {[%clk 1:32:39]} a6
{[%clk 1:29:29]} 8. Na3 {[%clk 1:33:00]} b5 {[%clk 1:29:55]} 9. Nd5
{[%clk 1:32:56]} Be7 {[%clk 1:30:20]} 10. Bxf6 {[%clk 1:33:19]} Bxf6
{[%clk 1:30:47]} 11. c3 {[%clk 1:33:28]} O-O {[%clk 1:30:35]} 12. Nc2
{[%clk 1:32:12]} Rb8 {[%clk 1:30:47]} 13. h4 {[%clk 1:28:22]} Be7
{[%clk 1:30:52]} 14. g3 {[%clk 1:21:31]} Be6 {[%clk 1:30:33]} 15. Bh3
{[%clk 1:14:18]} Qd7 {[%clk 1:27:23]} 16. Bxe6 {[%clk 1:13:59]} fxe6
{[%clk 1:27:50]} 17. Nxe7+ {[%clk 1:07:09]} Qxe7 {[%clk 1:28:01]} 18. Ne3
{[%clk 1:03:49]} Rbd8 {[%clk 1:24:17]} 19. a4 {[%clk 0:50:12]} d5
{[%clk 1:17:21]} 20. axb5 {[%clk 0:41:41]} axb5 {[%clk 1:05:03]} 21. Qb3
{[%clk 0:37:54]} d4 {[%clk 1:03:28]} 22. Ng4 {[%clk 0:35:28]} h5 {[%clk 0:56:54]}
23. Nh2 {[%clk 0:17:40]} dxc3 {[%clk 0:55:31]} 24. bxc3 {[%clk 0:18:03]} Qc5
{[%clk 0:55:06]} 25. O-O {[%clk 0:16:47]} Rd2 {[%clk 0:54:55]} 26. Qxe6+
{[%clk 0:12:13]} Kh7 {[%clk 0:53:07]} 27. Kh1 {[%clk 0:12:07]} Rfxf2
{[%clk 0:51:40]} 28. Nf3 {[%clk 0:11:23]} g6 {[%clk 0:47:23]} 29. Qf6
{[%clk 0:06:53]} 1-0

[Event "European Individual Chess Championship 2017"]
[Site "?"]
[Date "2017.06.09"]
[Round "10.78"]
[White "Alonso Rosell, Alvar"]
[Black "Moroni, Luca Jr"]
[Result "1-0"]
[BlackElo "2448"]
[WhiteElo "2536"]
[LiveChessVersion "1.4.8"]

1. Nf3 {[%clk 1:30:54]} d5 {[%clk 1:30:52]} 2. g3 {[%clk 1:31:22]} Nf6
{[%clk 1:31:02]} 3. Bg2 {[%clk 1:31:50]} e6 {[%clk 1:31:06]} 4. d4
{[%clk 1:32:16]} Be7 {[%clk 1:31:31]} 5. c4 {[%clk 1:32:34]} O-O {[%clk 1:31:55]}
6. O-O {[%clk 1:33:02]} dxc4 {[%clk 1:32:19]} 7. Ne5 {[%clk 1:33:29]} Nc6
{[%clk 1:32:28]} 8. Bxc6 {[%clk 1:33:57]} bxc6 {[%clk 1:32:52]} 9. Nxc6
{[%clk 1:34:24]} Qe8 {[%clk 1:33:09]} 10. Nxe7+ {[%clk 1:34:47]} Qxe7
{[%clk 1:33:34]} 11. Qa4 {[%clk 1:35:15]} c5 {[%clk 1:31:50]} 12. Qa3
{[%clk 1:35:43]} Bb7 {[%clk 1:23:55]} 13. Qxc5 {[%clk 1:33:44]} Qxc5
{[%clk 1:23:44]} 14. dxc5 {[%clk 1:34:12]} Rfc8 {[%clk 1:21:37]} 15. Be3
{[%clk 1:33:13]} Ng4 {[%clk 1:15:43]} 16. Bf4 {[%clk 1:31:34]} e5
{[%clk 1:12:59]} 17. Bc1 {[%clk 1:30:39]} Nf6 {[%clk 1:00:58]} 18. Nc3
{[%clk 1:09:48]} Rxc5 {[%clk 0:52:26]} 19. Be3 {[%clk 1:02:13]} Ra5
{[%clk 0:46:58]} 20. Rfd1 {[%clk 0:59:08]} Ne4 {[%clk 0:39:42]} 21. Bd2
{[%clk 0:43:36]} Ra6 {[%clk 0:33:56]} 22. Nxe4 {[%clk 0:39:06]} Bxe4
{[%clk 0:34:24]} 23. Bc3 {[%clk 0:39:30]} f6 {[%clk 0:31:18]} 24. Rd7
{[%clk 0:36:50]} Bc2 {[%clk 0:31:19]} 25. f3 {[%clk 0:11:29]} Ba4
{[%clk 0:29:24]} 26. Rd5 {[%clk 0:10:45]} Rc8 {[%clk 0:25:42]} 27. Kf2
{[%clk 0:04:53]} Kf7 {[%clk 0:25:50]} 28. e4 {[%clk 0:02:28]} Rc7
{[%clk 0:21:57]} 29. Ke3 {[%clk 0:02:28]} Bd7 {[%clk 0:20:16]} 30. a3
{[%clk 0:01:30]} Ba4 {[%clk 0:18:31]} 31. Rg1 {[%clk 0:00:35]} Re6
{[%clk 0:16:52]} 32. Rg2 {[%clk 0:00:49]} Ree7 {[%clk 0:15:56]} 33. Rgd2
{[%clk 0:00:32]} Red7 {[%clk 0:15:30]} 34. Ra5 {[%clk 0:00:31]} Rxd2
{[%clk 0:15:25]} 35. Bxd2 {[%clk 0:00:45]} Bc2 {[%clk 0:14:17]} 36. Rd5
{[%clk 0:00:42]} Ba4 {[%clk 0:12:40]} 37. f4 {[%clk 0:00:54]} Rd7
{[%clk 0:10:53]} 38. fxe5 {[%clk 0:01:13]} Rxd5 {[%clk 0:11:02]} 39. exd5
{[%clk 0:01:41]} fxe5 {[%clk 0:11:24]} 40. Bc3 {[%clk 0:31:38]} Kf6
{[%clk 0:41:44]} 41. g4 {[%clk 0:30:52]} Bd1 {[%clk 0:39:15]} 42. h3
{[%clk 0:31:15]} h5 {[%clk 0:35:36]} 43. d6 {[%clk 0:29:37]} Ba4 {[%clk 0:34:46]}
44. gxh5 {[%clk 0:29:45]} Be8 {[%clk 0:32:26]} 45. Kf3 {[%clk 0:27:08]} Bxh5+
{[%clk 0:19:18]} 46. Ke4 {[%clk 0:27:18]} Ke6 {[%clk 0:19:33]} 47. Bxe5
{[%clk 0:27:30]} g6 {[%clk 0:19:53]} 48. Kd4 {[%clk 0:27:14]} Be2
{[%clk 0:20:01]} 49. Kc5 {[%clk 0:26:40]} Kd7 {[%clk 0:20:23]} 50. h4
{[%clk 0:26:12]} Bf1 {[%clk 0:20:33]} 51. Bd4 {[%clk 0:26:34]} Be2
{[%clk 0:20:06]} 52. Kd5 {[%clk 0:25:58]} a5 {[%clk 0:13:45]} 53. Be5
{[%clk 0:25:27]} a4 {[%clk 0:13:45]} 54. Kc5 {[%clk 0:25:54]} Bd3
{[%clk 0:13:46]} 55. Kb4 {[%clk 0:26:13]} Bc2 {[%clk 0:14:08]} 56. Kxc4
{[%clk 0:26:37]} Kc6 {[%clk 0:13:02]} 57. b4 {[%clk 0:26:10]} axb3
{[%clk 0:13:10]} 58. Kc3 {[%clk 0:26:26]} Bd1 {[%clk 0:13:31]} 59. Kb2
{[%clk 0:26:47]} Bc2 {[%clk 0:11:36]} 60. a4 {[%clk 0:26:57]} Bd1
{[%clk 0:11:36]} 61. a5 {[%clk 0:27:05]} Bg4 {[%clk 0:11:11]} 62. Kxb3
{[%clk 0:27:29]} Kb5 {[%clk 0:11:23]} 63. Bc3 {[%clk 0:27:54]} Be6+
{[%clk 0:10:33]} 64. Kc2 {[%clk 0:27:54]} Bf5+ {[%clk 0:10:08]} 65. Kd2
{[%clk 0:28:10]} Kc5 {[%clk 0:10:16]} 66. Bb4+ {[%clk 0:28:18]} Kb5
{[%clk 0:10:41]} 67. Kc3 {[%clk 0:28:10]} Bd7 {[%clk 0:11:02]} 68. Kd4
{[%clk 0:28:25]} Bc6 {[%clk 0:11:27]} 69. Bc3 {[%clk 0:28:29]} Bd7
{[%clk 0:11:27]} 70. Ke5 {[%clk 0:28:21]} Kc5 {[%clk 0:11:52]} 71. Bb4+
{[%clk 0:28:45]} Kb5 {[%clk 0:12:10]} 72. Kf6 {[%clk 0:28:55]} 1-0

[Event "European Individual Chess Championship 2017"]
[Site "?"]
[Date "2017.06.09"]
[Round "10.79"]
[White "Ladva, Ottomar"]
[Black "Stremavicius, Titas"]
[Result "1/2-1/2"]
[BlackElo "2448"]
[WhiteElo "2530"]
[LiveChessVersion "1.4.8"]

1. e4 {[%clk 1:30:56]} c5 {[%clk 1:30:54]} 2. Nf3 {[%clk 1:31:23]} Nc6
{[%clk 1:31:19]} 3. d4 {[%clk 1:31:41]} cxd4 {[%clk 1:31:44]} 4. Nxd4
{[%clk 1:32:08]} Nf6 {[%clk 1:32:07]} 5. Nc3 {[%clk 1:32:31]} e5 {[%clk 1:32:30]}
6. Ndb5 {[%clk 1:32:56]} d6 {[%clk 1:32:54]} 7. Bg5 {[%clk 1:33:05]} a6
{[%clk 1:33:19]} 8. Na3 {[%clk 1:33:31]} b5 {[%clk 1:33:44]} 9. Nd5
{[%clk 1:33:55]} Be7 {[%clk 1:34:02]} 10. Bxf6 {[%clk 1:34:18]} Bxf6
{[%clk 1:34:25]} 11. c4 {[%clk 1:34:33]} b4 {[%clk 1:34:49]} 12. Nc2
{[%clk 1:34:58]} O-O {[%clk 1:35:11]} 13. g3 {[%clk 1:34:28]} 1/2-1/2

[Event "European Individual Chess Championship 2017"]
[Site "?"]
[Date "2017.06.09"]
[Round "10.80"]
[White "Usmanov, Vasily"]
[Black "Macieja, Bartlomiej"]
[Result "1-0"]
[BlackElo "2530"]
[WhiteElo "2443"]
[LiveChessVersion "1.4.8"]

1. d4 {[%clk 1:30:57]} Nf6 {[%clk 1:25:58]} 2. c4 {[%clk 1:31:22]} e6
{[%clk 1:26:22]} 3. Nc3 {[%clk 1:31:47]} Bb4 {[%clk 1:26:50]} 4. e3
{[%clk 1:32:14]} O-O {[%clk 1:27:16]} 5. Nge2 {[%clk 1:32:32]} d5
{[%clk 1:27:35]} 6. a3 {[%clk 1:32:57]} Be7 {[%clk 1:27:53]} 7. Ng3
{[%clk 1:33:14]} c5 {[%clk 0:27:02]} 8. dxc5 {[%clk 1:21:20]} Bxc5
{[%clk 0:27:30]} 9. cxd5 {[%clk 1:21:27]} exd5 {[%clk 0:20:13]} 10. Bd3
{[%clk 1:13:33]} a6 {[%clk 0:14:04]} 11. Nh5 {[%clk 0:50:24]} Nbd7
{[%clk 0:08:07]} 12. Nxf6+ {[%clk 0:49:46]} Nxf6 {[%clk 0:08:35]} 13. Ne2
{[%clk 0:50:11]} Bg4 {[%clk 0:06:58]} 14. b4 {[%clk 0:49:31]} Ba7
{[%clk 0:06:59]} 15. Bb2 {[%clk 0:49:55]} Ne4 {[%clk 0:02:08]} 16. O-O
{[%clk 0:41:45]} Qg5 {[%clk 0:00:42]} 17. Qe1 {[%clk 0:31:15]} Rfe8
{[%clk 0:01:00]} 18. Kh1 {[%clk 0:31:41]} Bxe2 {[%clk 0:00:40]} 19. Qxe2
{[%clk 0:30:17]} d4 {[%clk 0:00:34]} 20. Bxe4 {[%clk 0:25:00]} Rxe4
{[%clk 0:01:03]} 21. Qd3 {[%clk 0:24:55]} Rg4 {[%clk 0:00:38]} 22. exd4
{[%clk 0:18:18]} Bxd4 {[%clk 0:00:59]} 23. f4 {[%clk 0:18:14]} Qd5
{[%clk 0:01:12]} 24. Rf3 {[%clk 0:17:21]} Rd8 {[%clk 0:01:17]} 25. Rd1
{[%clk 0:17:48]} Qa2 {[%clk 0:00:37]} 26. Rf2 {[%clk 0:16:41]} Rg6
{[%clk 0:00:34]} 27. Bxd4 {[%clk 0:16:52]} Qd5 {[%clk 0:00:51]} 28. Rfd2
{[%clk 0:16:19]} Rgd6 {[%clk 0:00:35]} 29. Qg3 {[%clk 0:16:17]} Rg6
{[%clk 0:00:34]} 30. Be3 {[%clk 0:16:19]} 1-0

[Event "European Individual Chess Championship 2017"]
[Site "?"]
[Date "2017.06.09"]
[Round "10.81"]
[White "Bernadskiy, Vitaliy"]
[Black "Sadovsky, Artem"]
[Result "1-0"]
[BlackElo "2407"]
[WhiteElo "2529"]
[LiveChessVersion "1.4.8"]

1. d4 {[%clk 1:30:57]} d5 {[%clk 1:29:08]} 2. Nf3 {[%clk 1:30:42]} Nf6
{[%clk 1:28:52]} 3. c4 {[%clk 1:30:48]} c6 {[%clk 1:27:39]} 4. Nc3
{[%clk 1:31:06]} g6 {[%clk 1:26:25]} 5. cxd5 {[%clk 1:30:30]} cxd5
{[%clk 1:19:52]} 6. Bf4 {[%clk 1:30:56]} a6 {[%clk 1:16:53]} 7. e3
{[%clk 1:30:40]} Bg7 {[%clk 1:15:27]} 8. h4 {[%clk 1:30:51]} O-O {[%clk 1:03:56]}
9. Ne5 {[%clk 1:30:57]} Nbd7 {[%clk 0:54:30]} 10. Rc1 {[%clk 1:17:03]} Ne4
{[%clk 0:43:03]} 11. Nxd7 {[%clk 1:11:10]} Nxc3 {[%clk 0:40:24]} 12. Rxc3
{[%clk 1:03:05]} Bxd7 {[%clk 0:40:35]} 13. Bc7 {[%clk 1:03:19]} Qe8
{[%clk 0:40:31]} 14. h5 {[%clk 1:03:04]} Bb5 {[%clk 0:33:56]} 15. hxg6
{[%clk 1:01:27]} hxg6 {[%clk 0:31:10]} 16. g4 {[%clk 0:53:48]} Bxf1
{[%clk 0:28:33]} 17. Kxf1 {[%clk 0:50:40]} Qd7 {[%clk 0:24:42]} 18. Qf3
{[%clk 0:50:11]} Rfc8 {[%clk 0:24:28]} 19. Qg3 {[%clk 0:46:15]} Qb5+
{[%clk 0:23:58]} 20. Kg2 {[%clk 0:46:36]} Qxb2 {[%clk 0:22:59]} 21. Rc5
{[%clk 0:42:53]} b6 {[%clk 0:12:54]} 22. Rc6 {[%clk 0:42:25]} Qxa2
{[%clk 0:11:57]} 23. Qh4 {[%clk 0:37:51]} Qa4 {[%clk 0:09:48]} 24. Be5
{[%clk 0:33:05]} f6 {[%clk 0:06:02]} 25. Bxf6 {[%clk 0:33:10]} Kf7
{[%clk 0:02:05]} 26. Rxc8 {[%clk 0:33:25]} Rxc8 {[%clk 0:02:15]} 27. Bxg7
{[%clk 0:33:51]} Qc2 {[%clk 0:02:00]} 28. Be5 {[%clk 0:33:12]} Ke6
{[%clk 0:01:20]} 29. Kg3 {[%clk 0:32:32]} a5 {[%clk 0:00:36]} 30. Qg5
{[%clk 0:32:27]} Rf8 {[%clk 0:00:32]} 31. Bf4 {[%clk 0:32:52]} Qc4
{[%clk 0:00:31]} 32. Rh7 {[%clk 0:32:55]} 1-0